| 000 | 01625nam0a2200349 i 4500 | ||
|---|---|---|---|
| 001 | RU\NLR\BIBL_A\010736547 | ||
| 005 | 20240921211525.0 | ||
| 010 |
_a9785829501426 _990 |
||
| 021 |
_aRU _b2015-16769 _91007 |
||
| 035 | _a(NILC)RuMoRGB-007887558 | ||
| 035 | _a(NLR Aleph) 010736547 | ||
| 090 |
_a9885205 _c9885205 |
||
| 100 | _a20150422d2012 um y0rusy50 ca | ||
| 101 | 0 | _arus | |
| 102 | _aRU | ||
| 105 | _aabh|z||||01yy | ||
| 200 | 1 |
_aНаучная стажировка в Британии _e[исторический очерк] _fБ. В. Шульгин |
|
| 210 |
_aЕкатеринбург _cИзд-во УМЦ УПИ _d2012 |
||
| 215 |
_a67 с. _cил., цв. ил., карт., факс. _d20 |
||
| 300 | _aНа 4-й с. обл. авт.: Шульгин Б. В., д. ф.-м. н., проф., засл. работник высш. шк. РФ, д. чл. Междунар. акад. авт. науч. открытий и изобретений | ||
| 320 | _aБиблиогр. в подстроч. примеч. | ||
| 606 | 1 |
_aВысшие учебные заведения _xПрофессора и преподаватели _xСтажировка за рубежом _yСССР _92229793 _3RU\NLR\AUTH\6601570985 |
|
| 606 | 1 |
_aОбразование _yВеликобритания _92354688 _3RU\NLR\AUTH\661406541 |
|
| 686 | 1 | _aЧ30е(2)л84 | |
| 686 | 1 | _aЧ489.514(2)78 | |
| 686 | 1 | _aЧ34(4Вл) | |
| 700 | 1 |
_aШульгин _bБ. В. _gБорис Владимирович |
|
| 801 | 0 |
_aRU _bРГБ _c20150316 _gRCR |
|
| 942 | _cBOOK | ||
| 980 | _aNBR | ||